• 首页
  • 本馆介绍
  • 公告通知
  • 最新文献
  • 馆藏检索
  • 电子资源
  • 读者导购
  • 参考咨询
  • 我的图书馆
  • 登录
  • 详细信息显示
  • 放入我的书架
  • 预约/预借图书
  • 作者相关作品
  • 分类相关作品
  • 丛书相关作品
  • 出版社相关作品

书目信息

  • 表格格式
  • 工作单格式
  • 卡片格式
题名:
推进“健康中国”建设国家战略背景下体育与医疗卫生协作机制研究
    
 
作者: 李继军 著 ;童国军 参编
分册:  
出版信息: 成都   西南财经大学出版社  2021.06
页数: 221页
开本: 24cm
丛书名:
单 册:
中图分类: G812.4 , R199.2
科图分类:
主题词: 全民健身--研究--中国 , 医疗保健事业--研究--中国
电子资源:
ISBN: 978-7-5504-4891-9
000 01505nam0 2200277 450
001 012001002579
005 20140202162605.0
010    @a978-7-5504-4891-9@dCNY88.00
100    @a20220905d2021 em y0chiy50 ea
101 0  @achi
102    @aCN@b510000
105    @ay z 000yy
106    @ar
200 1  @a推进“健康中国”建设国家战略背景下体育与医疗卫生协作机制研究@Atui jin jian kang zhong guo jian she guo jia zhan lue bei jing xia ti yu yu yi liao wei sheng xie zuo ji zhi yan jiu@f李继军著@g童国军[等]参编
210    @a成都@c西南财经大学出版社@d2021.06
215    @a221页@d24cm
304    @a其它参编者:童国军,陈远莉,赵燕,林祥芸
330    @a本著作内容是教育部哲学(人文)社会科学基金项目最终研究成果。本著作共分为六个章节来论述,第一章绪论,第二章健康中国,第三章协作基本理论,第四章发达国家体医融合、协作经验与启示,第五章体育与医疗卫生协作主要障碍,第六章建立和完善体育与医疗卫生协作机制。从整体架构可以看出,作者首先通过查阅、整理大量的文献资料对研究的背景做了一个比较详细论述,尤其是对“健康中国”做了比较详细论述。接着展开对理论支撑的探讨,分别对协作一般性理论、协作基本要素、协作类型进行探讨。最后,根据调查了解情况,分析目前体育与医疗卫生协作存在的主要障碍,并在此基础上通过综合分析后,提出建立和完善体育与医疗卫生协作机制。
606 0  @a全民健身@x研究@y中国
606 0  @a医疗保健事业@x研究@y中国
690    @aG812.4@v5
690    @aR199.2@v5
701  0 @a李继军@Ali ji jun@4著
702  0 @a童国军@Atong guo jun@4参编
801  0 @aCN@bAHXH@c20221111
905    @b1368424-7@dG812.4@e164@f4
    
    推进“健康中国”建设国家战略背景下体育与医疗卫生协作机制研究/李继军著/童国军[等]参编.-成都:西南财经大学出版社,2021.06
    221页;24cm
    
    
    ISBN 978-7-5504-4891-9:CNY88.00
    本著作内容是教育部哲学(人文)社会科学基金项目最终研究成果。本著作共分为六个章节来论述,第一章绪论,第二章健康中国,第三章协作基本理论,第四章发达国家体医融合、协作经验与启示,第五章体育与医疗卫生协作主要障碍,第六章建立和完善体育与医疗卫生协作机制。从整体架构可以看出,作者首先通过查阅、整理大量的文献资料对研究的背景做了一个比较详细论述,尤其是对“健康中国”做了比较详细论述。接着展开对理论支撑的探讨,分别对协作一般性理论、协作基本要素、协作类型进行探讨。最后,根据调查了解情况,分析目前体育与医疗卫生协作存在的主要障碍,并在此基础上通过综合分析后,提出建立和完善体育与医疗卫生协作机制。
●
相关链接 在E读中查询图书 在五车中查询图书 在当当中查询图书 在豆瓣中查询图书


正题名:推进"健康中国"建设国家战略背景下体育与医疗卫生协作机制研究     索取号:G812.4/164         预约/预借

序号 登录号 条形码 馆藏地/架位号 状态 备注
1 1368424   213684244   第一样本阅览室/ [索取号:G812.4/164] 在馆    
2 1368425   213684253   教育系资料室/ [索取号:G812.4/164] 在馆    
3 1368426   213684262   教育系资料室/ [索取号:G812.4/164] 在馆    
4 1368427   213684271   第四借阅区/ [索取号:G812.4/164] 在馆    
唐山师范学院图书馆 欢迎您!
大连网信软件有限公司© 版权所有